New Caledonia Trivia - Statistics

General Stats
  • This quiz has been taken 6 times
  • The average score is 14 of 20
Answer Stats
Hint Answer % Correct
Currency of New Caledonia, as well as French Polynesia and Wallis and Futuna CFP Franc
100%
...which is fixed to this currency Euro
100%
Official language French
100%
New Caledonia has held three referendums for this in 2018, 2020, and 2021, but did not get enough votes each time Independence
100%
First European to discover New Caledonia on September 4, 1774 James Cook
100%
New Caledonia is located in this sub-region of Oceania {Mela}nesia
100%
Capital of New Caledonia Nouméa
100%
"Caledonia" was the Roman name for this region of Europe Scotland
100%
Sea that New Caledonia touches to the west Coral Sea
83%
Closest country to New Caledonia Vanuatu
83%
Most populous island {Grande} Terre
67%
Bird species known for its ability to create stick tools New Caledonian {crow}
67%
New Caledonia has the longest continuous ______ ____ in the world, and the third largest overall Barrier reef
50%
Metal that accounts for roughly 90% of New Caledonian exports Nickel
50%
New Caledonia is part of this supposed "8th continent" Zealandia
50%
Native people of New Caledonia Kanak
33%
Administrative status that only applies to New Caledonia Sui generis {collectivity}
33%
Endemic bird species known for its gray head crest (starts with K) Kagu
17%
Local nickname of the above—also the name of an annoying cartoon character Le {Caillou}
17%
Archipelago that includes Lifou and Maré islands {Loyalty} Islands
17%
No matching quizzes found
Score Distribution
Percent of People with Each Score
Percentile by Number Answered
Your Score History
You have not taken this quiz